000
00252nam a22001217a 4500
082
_a
669.142 ROB
100
_a
ROBERTS.G.A
_9
58173
245
_a
TOOL STEELS
250
_a
4TH
260
_a
USA
_b
AMERICAN SOCIETY
_c
1962
300
_a
780P
942
_c
BK
999
_c
568382
_d
568382